Podróże apostolskie Jana Pawła II - Statystyki

Ogólne statystyki
  • Ten quiz został rozwiązany 490 razy
  • Średni wynik to 57 z 131
Statystyki odpowiedzi
Kraj % Poprawnych
Polska
98%
Stany Zjednoczone
84%
Niemcy
83%
Kanada
78%
Brazylia
77%
Francja
76%
Hiszpania
74%
Meksyk
74%
Szwecja
74%
Wielka Brytania
74%
Argentyna
73%
Australia
73%
Norwegia
72%
Portugalia
72%
Ukraina
72%
Czechy
71%
Słowacja
71%
Finlandia
70%
Litwa
70%
Łotwa
69%
Japonia
68%
Turcja
68%
Austria
67%
Estonia
67%
Grecja
67%
Belgia
65%
Egipt
65%
Indie
65%
Republika Południowej Afryki
65%
Albania
64%
Holandia
64%
Irlandia
64%
Chile
62%
Szwajcaria
61%
Chorwacja
60%
Peru
59%
Dania
58%
Izrael
58%
Nowa Zelandia
58%
Islandia
57%
Słowenia
56%
Węgry
56%
Korea Południowa
55%
San Marino
55%
Kolumbia
54%
Kuba
54%
Bułgaria
53%
Maroko
53%
Rumunia
53%
Indonezja
52%
Luksemburg
52%
Urugwaj
52%
Wenezuela
52%
Panama
51%
Boliwia
50%
Bośnia i Harcegowina
48%
Nigeria
47%
Paragwaj
47%
Armenia
46%
Honduras
46%
Ekwador
45%
Dominikana
44%
Filipiny
44%
Kostaryka
44%
Angola
43%
Haiti
42%
Kazachstan
42%
Gruzja
41%
Kenia
41%
Azerbejdżan
40%
Jamajka
40%
Tunezja
40%
Malta
39%
Sudan
39%
Gwatemala
38%
Pakistan
37%
Belize
36%
Madagaskar
36%
Nikaragua
36%
Senegal
36%
Syria
36%
Liban
35%
Tajlandia
35%
Salwador
34%
Czad
31%
Ghana
31%
Mali
30%
Bangladesz
29%
Gwinea
29%
Wybrzeże Kości Słoniowej
29%
Jordania
28%
Tanzania
28%
Zambia
28%
Kamerun
26%
Zimbabwe
26%
Bahamy
25%
Botswana
25%
Mozambik
25%
Uganda
25%
Fidźi
24%
Rwanda
24%
Togo
24%
Benin
23%
Lesotho
23%
Sri Lanka
23%
Republika Środkowoafrykańska
22%
Gabon
21%
Gwinea Bissau
21%
Gwinea Równikowa
21%
Papua-Nowa Gwinea
21%
Singapur
21%
Gambia
20%
Burundi
18%
Trynidad i Tobago
18%
Burkina Faso
17%
Malawi
16%
Seszele
16%
Czechosłowacja
15%
Republika Zielonego Przylądka
14%
Niemcy Zachodnie
13%
Lichtenstein
12%
Mauritius
12%
Saint Lucia
12%
Suazi
9%
Wyspy Salomona
8%
Zair
6%
Portoryko
5%
Curacao
1%
Guam
1%
Wyspy Świętego Tomasza i Ksieżyca
0%
Nie znaleziono quizów pasujących do podanych kryteriów
Rozkład punktacji
Procent ludzi z każdym wynikiem
Percentyl według liczby udzielonych odpowiedzi
Twoja historia wyników
Nie rozwiązałeś tego quizu